<?xml version="1.0" encoding="UTF-8"?><?xml-stylesheet type="text/xsl" href="static/style.xsl"?><OAI-PMH xmlns="http://www.openarchives.org/OAI/2.0/" xmlns:xsi="http://www.w3.org/2001/XMLSchema-instance" xsi:schemaLocation="http://www.openarchives.org/OAI/2.0/ http://www.openarchives.org/OAI/2.0/OAI-PMH.xsd"><responseDate>2026-04-18T02:27:40Z</responseDate><request verb="GetRecord" identifier="oai:riubu.ubu.es:10259/10454" metadataPrefix="marc">https://riubu.ubu.es/oai/request</request><GetRecord><record><header><identifier>oai:riubu.ubu.es:10259/10454</identifier><datestamp>2025-05-10T00:05:21Z</datestamp><setSpec>com_10259_9737</setSpec><setSpec>com_10259_5086</setSpec><setSpec>com_10259_2604</setSpec><setSpec>col_10259_10448</setSpec></header><metadata><record xmlns="http://www.loc.gov/MARC21/slim" xmlns:doc="http://www.lyncode.com/xoai" xmlns:xsi="http://www.w3.org/2001/XMLSchema-instance" xmlns:dcterms="http://purl.org/dc/terms/" xsi:schemaLocation="http://www.loc.gov/MARC21/slim http://www.loc.gov/standards/marcxml/schema/MARC21slim.xsd">
<leader>00925njm 22002777a 4500</leader>
<datafield tag="042" ind1=" " ind2=" ">
<subfield code="a">dc</subfield>
</datafield>
<datafield tag="720" ind1=" " ind2=" ">
<subfield code="a">Rodríguez Gómez, Guillermo</subfield>
<subfield code="e">author</subfield>
</datafield>
<datafield tag="720" ind1=" " ind2=" ">
<subfield code="a">Espigares, María Patrocinio</subfield>
<subfield code="e">author</subfield>
</datafield>
<datafield tag="720" ind1=" " ind2=" ">
<subfield code="a">Martínez Navarro, Bienvenido</subfield>
<subfield code="e">author</subfield>
</datafield>
<datafield tag="720" ind1=" " ind2=" ">
<subfield code="a">Ros Montoya, Sergio</subfield>
<subfield code="e">author</subfield>
</datafield>
<datafield tag="720" ind1=" " ind2=" ">
<subfield code="a">Guerra Merchán, Antonio</subfield>
<subfield code="e">author</subfield>
</datafield>
<datafield tag="720" ind1=" " ind2=" ">
<subfield code="a">Martín González, Jesús Ángel</subfield>
<subfield code="e">author</subfield>
</datafield>
<datafield tag="720" ind1=" " ind2=" ">
<subfield code="a">Campaña, Isidoro</subfield>
<subfield code="e">author</subfield>
</datafield>
<datafield tag="720" ind1=" " ind2=" ">
<subfield code="a">Pérez Ramos, Alejandro</subfield>
<subfield code="e">author</subfield>
</datafield>
<datafield tag="720" ind1=" " ind2=" ">
<subfield code="a">Granados, Alejandro</subfield>
<subfield code="e">author</subfield>
</datafield>
<datafield tag="720" ind1=" " ind2=" ">
<subfield code="a">García Aguilar, José Manuel</subfield>
<subfield code="e">author</subfield>
</datafield>
<datafield tag="720" ind1=" " ind2=" ">
<subfield code="a">Rodríguez Ruiz, María Dolores</subfield>
<subfield code="e">author</subfield>
</datafield>
<datafield tag="720" ind1=" " ind2=" ">
<subfield code="a">Palmqvist, Paul</subfield>
<subfield code="e">author</subfield>
</datafield>
<datafield tag="260" ind1=" " ind2=" ">
<subfield code="c">2024-08</subfield>
</datafield>
<datafield tag="520" ind1=" " ind2=" ">
<subfield code="a">The Early Pleistocene sites of Orce in southeastern Spain, including Fuente Nueva-3 (FN3),&#xd;
Barranco León (BL) and Venta Micena (VM), provide important insights into the earliest hominin&#xd;
populations and Late Villafranchian large mammal communities. Dated to approximately 1.4 million&#xd;
years ago, FN3 and BL preserve abundant Oldowan tools, cut marks and a human primary tooth,&#xd;
indicating hominin activity. VM, approximately 1.6 million years old, is an outstanding site because it&#xd;
preserves an exceptionally rich assemblage of large mammals and predates the presence of hominins,&#xd;
providing a context for pre-human conditions in the region. Research suggests that both hominins and&#xd;
giant hyenas were essential to the accumulation of skeletal remains at FN3 and BL, with secondary&#xd;
access to meat resources exploited by saber-toothed felids. This aim of this study aims to correlate the&#xd;
relative abundance of large herbivores at these sites with their estimates of Carrying Capacity (CC)&#xd;
and Total Available Biomass (TAB) using the PSEco model, which incorporates survival and mortality&#xd;
profiles to estimate these parameters in paleoecosystems. Our results show: (i) similarities between&#xd;
quarries VM3 and VM4 and (ii) similarities of these quarries with BL-D (level D), suggesting a similar&#xd;
formation process; (iii) that the role of humans would be secondary in BL-D and FN3-LAL (Lower&#xd;
Archaeological Level), although with a greater human influence in FN3-LAL due to the greater&#xd;
presence of horses and small species; and (iv) that FN3-UAL (Upper Archaeological Level) shows&#xd;
similarities with the expected CC values for FN3/BL, consistent with a natural trap of quicksand&#xd;
scenario, where the large mammal species were trapped according to their abundance and body&#xd;
mass, as there is a greater presence of rhinos and mammoths due to the greater weight per unit area&#xd;
exerted by their legs. Given the usefulness of this approach, we propose to apply it first to sites that&#xd;
have been proposed to function as natural traps.</subfield>
</datafield>
<datafield tag="024" ind2=" " ind1="8">
<subfield code="a">http://hdl.handle.net/10259/10454</subfield>
</datafield>
<datafield tag="024" ind2=" " ind1="8">
<subfield code="a">10.3390/quat7030037</subfield>
</datafield>
<datafield tag="024" ind2=" " ind1="8">
<subfield code="a">2571-550X</subfield>
</datafield>
<datafield ind1=" " ind2=" " tag="653">
<subfield code="a">Prey biomass</subfield>
</datafield>
<datafield ind1=" " ind2=" " tag="653">
<subfield code="a">Large mammals</subfield>
</datafield>
<datafield ind1=" " ind2=" " tag="653">
<subfield code="a">Taphonomy</subfield>
</datafield>
<datafield ind1=" " ind2=" " tag="653">
<subfield code="a">Early pleistocene</subfield>
</datafield>
<datafield ind1=" " ind2=" " tag="653">
<subfield code="a">Western Europe</subfield>
</datafield>
<datafield ind1=" " ind2=" " tag="653">
<subfield code="a">Venta Micena</subfield>
</datafield>
<datafield ind1=" " ind2=" " tag="653">
<subfield code="a">Fuente Nueva 3</subfield>
</datafield>
<datafield ind1=" " ind2=" " tag="653">
<subfield code="a">Barranco León</subfield>
</datafield>
<datafield tag="245" ind1="0" ind2="0">
<subfield code="a">Carrying Capacity, Available Meat and the Fossil Record of the Orce Sites (Baza Basin, Spain)</subfield>
</datafield>
</record></metadata></record></GetRecord></OAI-PMH>